Detalles MARC
| 000 -LIDER |
| fixed length control field |
01042nam a2200325 a 4500 |
| 001 - NÚMERO DE CONTROL |
| Identificador de número de control |
000037616 |
| 003 - IDENTIFICACDOR DE NÚMERO DE CONTROL |
| control field |
DO-SdBNP |
| 005 - DATE AND TIME OF LATEST TRANSACTION |
| control field |
20180326155850.0 |
| 007 - CAMPOS FIJOS DE DESCRIPCIÓN FÍSICA |
| fixed length control field |
000037616 |
| 008 - ELEMENTOS DE LONGITUD FIJA |
| fixed length control field |
121008s20uu dr 000 0 spa d |
| 020 ## - ISBN |
| International Standard Book Number |
9789945120738 |
| 040 ## - FUENTE DE CATALOGACIÓN |
| Agencia que crea de manera original el registro |
BPMSU |
| Idioma de catalogación |
spa |
| Agencia que realiza la transcripción |
BPMSU |
| 082 ## - NÚMERO DE CLASIFICACIÓN DECIMAL DE DEWEY |
| Classification number |
813.912 |
| Item number |
H488vi |
| 100 1# - ASIENTO PRINCIPAL -- NOMBRE PERSONAL |
| Nombre personal |
Hemingway, Ernest, |
| Fechas asociadas con el nombre |
1899-1961 |
| 245 13 - MENCIÓN DE TITULO |
| Título |
El viejo y el mar / |
| Mención de responsabilidad |
Ernest Hemingway ; ilustraciones Julio César Martínez |
| 260 ## - PUBLICACIÓN, DISTRIBUCIÓN, ETC. (PIE DE IMPRENTA) |
| Lugar de publicación, distribución, etc |
Santo Domingo, : |
| Nombre del editor, distribuidor, etc. |
Susaeta |
| Fecha de publicación, distribución, etc |
[200?] |
| 300 ## - DESCRIPCIÓN FÍSICA |
| Extensión |
102 p. ; |
| Dimensiones |
21 cm. |
| 490 1# - MENCIÓN DE SERIES |
| Mención de serie |
Biblioteca Susaeta |
| 500 ## - NOTA GENERAL |
| Nota general |
Incluye notas al pie de las páginas |
| 650 #4 - ENCABEZAMIENTO DE MATERIA--TEMÁTICO |
| Término temático o nombre geográfico como elemento de entrada |
NOVELA ESTADOUNIDENSE |
| 650 #4 - ENCABEZAMIENTO DE MATERIA--TEMÁTICO |
| Término temático o nombre geográfico como elemento de entrada |
LITERATURA ESTADOUNIDENSE |
| 700 12 - ASIENTO SECUNDARIO -- NOMBRE PERSONAL |
| Nombre personal |
Martínez, Júlio César |
| Mención de responsabilidad |
il. |
| 830 #0 - ASIENTO SECUNDARIO DE SERIE--TÍTULO UNIFORME |
| Nombre de la parte o sección de una obra |
Biblioteca Susaeta |
| 910 ## - VALIDACIÓN |
| Validación |
Validado. Control de calidad MFF |
| 942 ## - ADDED ENTRY ELEMENTS (KOHA) |
| Source of classification or shelving scheme |
Dewey Decimal Classification |
| Koha item type |
Libros |
| 945 ## - INFORMACIÓN DE PROCESAMIENTO LOCAL |
| Información de procesamiento local |
Remanejado para la BNPHU / VM |
| 956 ## - LOCAL ELECTRONIC LOCATION AND ACCESS (OCLC) |
| Nombre de host |
GREYES |
| Número de acceso |
10 |
| Información de compresión |
20121008 |
| Inicio de sesión |
BND01 |
| Procesador de solicitud |
1257 |
| 956 ## - LOCAL ELECTRONIC LOCATION AND ACCESS (OCLC) |
| Nombre de host |
BTAVAREZ |
| Número de acceso |
10 |
| Información de compresión |
20121010 |
| Inicio de sesión |
BND01 |
| Procesador de solicitud |
0936 |
| 956 ## - LOCAL ELECTRONIC LOCATION AND ACCESS (OCLC) |
| Nombre de host |
VMATEO |
| Número de acceso |
10 |
| Información de compresión |
20150507 |
| Inicio de sesión |
BMET02 |
| Procesador de solicitud |
00151 |